Environmental engineering : (Record no. 16574)

MARC details
000 -LEADER
fixed length control field 00968cam a2200265 a 4500
001 - CONTROL NUMBER
control field 3978879
003 - CONTROL NUMBER IDENTIFIER
control field mut
005 - DATE AND TIME OF LATEST TRANSACTION
control field 20240606081359.0
008 - FIXED-LENGTH DATA ELEMENTS--GENERAL INFORMATION
fixed length control field 950504s1996 njua b 001 0 eng
010 ## - LIBRARY OF CONGRESS CONTROL NUMBER
LC control number 95019010
020 ## - INTERNATIONAL STANDARD BOOK NUMBER
International Standard Book Number 0024105643
040 ## - CATALOGING SOURCE
Transcribing agency mut
050 00 - LIBRARY OF CONGRESS CALL NUMBER
Classification number TD 146
Item number .S54 1996
082 00 - DEWEY DECIMAL CLASSIFICATION NUMBER
Classification number 628
Edition information 20
100 1# - MAIN ENTRY--PERSONAL NAME
Personal name Sincero, Arcadio P.
Fuller form of name (Arcadio Pacquiao)
245 10 - TITLE STATEMENT
Title Environmental engineering :
Remainder of title a design approach /
260 ## - PUBLICATION, DISTRIBUTION, ETC.
Place of publication, distribution, etc. Upper Saddle River, N.J. :
Name of publisher, distributor, etc. Prentice Hall,
Date of publication, distribution, etc. c1996.
300 ## - PHYSICAL DESCRIPTION
Extent xx, 795 p. :
Other physical details ill. ;
Dimensions 24 cm +
Accompanying material 1 computer disk (3 1/2 in.)
504 ## - BIBLIOGRAPHY, ETC. NOTE
Bibliography, etc. note Includes bibliographical references and index.
650 #0 - SUBJECT ADDED ENTRY--TOPICAL TERM
Topical term or geographic name entry element Environmental engineering.
700 1# - ADDED ENTRY--PERSONAL NAME
Personal name Sincero, Gregoria A.
Fuller form of name (Gregoria Alivio)
906 ## - LOCAL DATA ELEMENT F, LDF (RLIN)
a 7
b cbc
c orignew
d 1
e ocip
f 19
g y-gencatlg
942 ## - ADDED ENTRY ELEMENTS (KOHA)
Source of classification or shelving scheme Library of Congress Classification
Koha item type Books
Holdings
Withdrawn status Lost status Source of classification or shelving scheme Damaged status Not for loan Home library Current library Shelving location Date acquired Source of acquisition Total checkouts Full call number Barcode Date last seen Date last checked out Price effective from Koha item type
    Library of Congress Classification     Murang'a University of Technology Library Murang'a University of Technology Library General stacks 05/04/2018 Donation-TFC 1 TD 146 .S54 1996 020241 30/08/2024 15/07/2022 05/04/2018 Books